Foreign investment guidelines in Papua New Guinea.
| Format: | Book |
|---|---|
| Published: |
Boroko:
Investment Promotion Authority,
1999.
|
| Subjects: |
| LEADER | 00432cam a2200133 7i4500 | ||
|---|---|---|---|
| 001 | 0000008298 | ||
| 005 | 20001010090000.0 | ||
| 090 | 0 | 0 | |a PAPN 332.6 |b FOR |
| 245 | 0 | 0 | |a Foreign investment guidelines in Papua New Guinea. |
| 260 | 0 | 0 | |a Boroko: |b Investment Promotion Authority, |c 1999. |
| 300 | # | # | |a 12 p. |
| 650 | 0 | 0 | |a Investment, foreign -- |z Papua New Guinea |
| 651 | 0 | 0 | |a Papua New Guinea |
| 999 | |a B000011183 |b Book |c Countries |e Business Information Centre | ||